Thomas Calculus / (Record no. 563672)
[ view plain ]
| 000 -LEADER | |
|---|---|
| fixed length control field | 00330nam a2200109Ia 4500 |
| 008 - FIXED-LENGTH DATA ELEMENTS--GENERAL INFORMATION | |
| fixed length control field | 210430s9999 xx 000 0 und d |
| 082 ## - DEWEY DECIMAL CLASSIFICATION NUMBER | |
| Classification number | 515T449 T |
| 100 ## - MAIN ENTRY--PERSONAL NAME | |
| Personal name | Geroge B Thomas, Maurice D Weir, Joel Hass, Frank R Giordano |
| 9 (RLIN) | 127701 |
| 245 ## - TITLE STATEMENT | |
| Title | Thomas Calculus / |
| Statement of responsibility, etc. | George b. Thomas, jr |
| 250 ## - EDITION STATEMENT | |
| Edition statement | 11th edition |
| 942 ## - ADDED ENTRY ELEMENTS (KOHA) | |
| Koha item type | Book |
| Source of classification or shelving scheme | |
| Withdrawn status | Lost status | Source of classification or shelving scheme | Damaged status | Not for loan | Permanent Location | Current Location | Shelving location | Date acquired | Total Checkouts | Full call number | Barcode | Date last seen | Date last checked out | Price effective from | Koha item type |
|---|---|---|---|---|---|---|---|---|---|---|---|---|---|---|---|
| School of Chemical & Materials Engineering (SCME) | School of Chemical & Materials Engineering (SCME) | General Stacks | 08/11/6 | 2 | 515T449 T | SCME-2837 | 02/23/2022 | 09/30/2021 | 04/30/2021 | Book |
